Punjab and the hill states (Record no. 9398)
[ view plain ]
| 000 -LEADER | |
|---|---|
| fixed length control field | 00505nam a2200157Ia 4500 |
| 020 ## - INTERNATIONAL STANDARD BOOK NUMBER | |
| ISBN | 9788184659115 |
| 082 ## - DEWEY DECIMAL CLASSIFICATION NUMBER | |
| Classification number | 911.545 |
| Item number | BHA-P |
| 100 ## - MAIN ENTRY--AUTHOR NAME | |
| Personal name | Bhargava, R.K. |
| 245 #0 - TITLE STATEMENT | |
| Title | Punjab and the hill states |
| Sub Title | : Himachal Pradesh from 1469 to 1849 A.D. |
| 260 ## - PUBLICATION, DISTRIBUTION, ETC. (IMPRINT) | |
| Place of publication | Dharmamsala |
| Name of publisher | Hero Printers |
| Year of publication | 2012 |
| 300 ## - PHYSICAL DESCRIPTION | |
| Number of Pages | xv,160p |
| 504 ## - BIBLIOGRAPHY, ETC. NOTE | |
| Bibliography, etc | includes notes and references |
| 650 ## - SUBJECT ADDED ENTRY--TOPICAL TERM | |
| Topical Term | History |
| Form subdivision | Hill state |
| Geographic subdivision | Punjab |
| -- | India |
| 650 ## - SUBJECT ADDED ENTRY--TOPICAL TERM | |
| Topical Term | History |
| Form subdivision | Guru Gobind Singh |
| -- | Hill state |
| Geographic subdivision | Himachal Pradesh |
| -- | India |
| 942 ## - ADDED ENTRY ELEMENTS (KOHA) | |
| Koha item type | Books |
| Source of classification or shelving scheme | Dewey Decimal Classification |
| Withdrawn status | Lost status | Damaged status | Not for loan | Home library | Current library | Date acquired | Source of acquisition | Bill Date | Full call number | Accession Number | Price effective from | Koha item type |
|---|---|---|---|---|---|---|---|---|---|---|---|---|
| NASSDOC Library | NASSDOC Library | 26/03/2018 | Gifted by : The Author | 2018-02-28 | 911.545 BHA-P | 49930 | 18/04/2019 | Books |
